| 000 | 00393nam a2200157Ia 4500 | ||
|---|---|---|---|
| 003 | GCL | ||
| 008 | 140319s9999 xx 000 0 eng d | ||
| 040 |
_aGCL / _cGCL |
||
| 082 | 0 | 4 |
_a739.27092 _bS M |
| 100 | 1 | _aSANOWMAN, A. KENNETH | |
| 245 | 1 | 0 |
_aTHE MASTER JEWELERS / _cSANOWMAN, A. KENNETH |
| 260 |
_a[S.N] : _bTHAMES AND HUDSON |
||
| 300 | _a262 PP | ||
| 650 | 0 | 4 | _aARTS |
| 942 |
_2ddc _cBK |
||
| 999 |
_c18911 _d18911 |
||